[Event "Capablanca Memorial Elite 58th"]
[Site "Havana"]
[Date "2025.05.11"]
[Round "2"]
[White "Romanov, Evgeny"]
[Black "Albornoz Cabrera, Carlos Daniel"]
[Result "1/2-1/2"]
[WhiteElo "2599"]
[BlackElo "2548"]
[PlyCount "61"]
[EventDate "2025.05.10"]
[EventType "tourn"]
[EventRounds "10"]
[EventCountry "CUB"]
[EventCategory "15"]
[SourceTitle "CB21_2025"]
[SourceDate "2025.05.21"]
[SourceVersion "1"]
[SourceVersionDate "2025.05.21"]
[SourceQuality "1"]

1. d4 Nf6 2. c4 e6 3. Bf4 Bb4+ 4. Nd2 d5 5. a3 Be7 6. e3 c5 7. dxc5 Bxc5 8. Ngf3 0-0 9. b4 Be7 10. h3 a5 11. b5 b6 12. Be2 Bb7 13. 0-0 Nbd7 14. Bh2 Rc8 15. Nd4 Ne4 16. Nxe4 dxe4 17. Qc2 Bc5 18. Rfd1 Qe7 19. Nc6 Bxc6 20. bxc6 Nf6 21. Qa4 Qe8 22. Bd6 Qxc6 23. Qxc6 Rxc6 24. Bxf8 Kxf8 25. Rd8+ Ke7 26. Rb8 Rd6 27. Bd1 Bxa3 28. Rb7+ Kf8 29. Rb8+ Ke7 30. Rb7+ Kf8 31. Rb8+ 1/2-1/2

[Event "Menorca op-A 4th"]
[Site "Ciutadella"]
[Date "2025.04.26"]
[Round "7"]
[White "Albornoz Cabrera, Carlos Daniel"]
[Black "Vantika, Agrawal"]
[Result "1/2-1/2"]
[WhiteElo "2561"]
[BlackElo "2406"]
[PlyCount "102"]
[EventDate "2025.04.22"]
[EventType "swiss"]
[EventRounds "9"]
[EventCountry "ESP"]
[SourceTitle "CB18_2025"]
[SourceDate "2025.04.30"]
[SourceVersion "1"]
[SourceVersionDate "2025.04.30"]
[SourceQuality "1"]

1. e4 e6 2. d4 d5 3. Nd2 c5 4. Ngf3 cxd4 5. exd5 Qxd5 6. Bc4 Qd6 7. Ne4 Qb4+ 8. Nfd2 Nc6 9. c3 Qb6 10. 0-0 Nf6 11. Nxf6+ gxf6 12. Bd3 Rg8 13. Bxh7 Rh8 14. Be4 Bd7 15. g3 0-0-0 16. cxd4 Qxd4 17. Bg2 e5 18. Ne4 f5 19. Ng5 Be6 20. Be3 Qxd1 21. Re1 Qxa1 22. Rxa1 Rd1+ 23. Rxd1 e4 24. Nxe6 fxe6 25. f3 exf3 26. Bxf3 Bg7 27. Rd6 Bxb2 28. Bxc6 bxc6 29. Rxc6+ Kd7 30. Ra6 e5 31. Rxa7+ Ke6 32. Rb7 Ba3 33. Rb3 Ra8 34. Kg2 Bd6 35. Rb2 f4 36. Bf2 e4 37. gxf4 Bxf4 38. Bc5 Rg8+ 39. Kf1 Rh8 40. Bg1 Ra8 41. h4 Kf5 42. Bh2 Bc1 43. Rc2 Be3 44. Bg3 Kg4 45. Kg2 Bf4 46. Be1 Ra3 47. Kf1 Rf3+ 48. Rf2 Ra3 49. Rg2+ Kf5 50. Bb4 Rh3 51. Be7 Bg3 1/2-1/2

[Event "La Roda op 51st"]
[Site "La Roda"]
[Date "2025.04.16"]
[Round "3"]
[White "Albornoz Cabrera, Carlos Daniel"]
[Black "Cuellar Montes, Alejandro"]
[Result "1-0"]
[WhiteElo "2561"]
[BlackElo "2200"]
[PlyCount "55"]
[EventDate "2025.04.15"]
[EventType "swiss"]
[EventRounds "9"]
[EventCountry "ESP"]
[SourceTitle "CB17_2025"]
[SourceDate "2025.04.23"]
[SourceVersion "1"]
[SourceVersionDate "2025.04.23"]
[SourceQuality "1"]

1. e4 e5 2. Nf3 Nc6 3. Bb5 a6 4. Ba4 Nf6 5. 0-0 Be7 6. Re1 b5 7. Bb3 0-0 8. a4 Bb7 9. d3 d6 10. Nbd2 Nd7 11. Nf1 Nc5 12. axb5 axb5 13. Rxa8 Qxa8 14. Bd5 Nd8 15. Ne3 Nde6 16. b4 Na6 17. c3 c6 18. Bb3 Re8 19. Nf5 Qd8 20. d4 exd4 21. N3xd4 Nxd4 22. Qxd4 Bf8 23. Re3 g6 24. Rf3 d5 25. Nh6+ Bxh6 26. Bxh6 f6 27. Rxf6 c5 28. Rf8+ 1-0

[Event "CUB-ch 61st"]
[Site "Ciego de Avila"]
[Date "2025.02.13"]
[Round "9"]
[White "Albornoz Cabrera, Carlos Daniel"]
[Black "Rodriguez Hernandez, Luis Daniel"]
[Result "1/2-1/2"]
[WhiteElo "2575"]
[BlackElo "2394"]
[PlyCount "64"]
[EventDate "2025.02.05"]
[EventType "swiss"]
[EventRounds "10"]
[EventCountry "CUB"]
[SourceTitle "CB08_2025"]
[SourceDate "2025.02.19"]
[SourceVersion "1"]
[SourceVersionDate "2025.02.19"]
[SourceQuality "1"]

1. d4 Nf6 2. c4 e6 3. Nc3 d5 4. cxd5 exd5 5. Bg5 Bb4 6. Qc2 h6 7. Bh4 g5 8. Bg3 Nc6 9. e3 h5 10. Bb5 h4 11. Be5 Rh6 12. f3 Nd7 13. a3 Bxc3+ 14. Qxc3 Ncxe5 15. dxe5 c6 16. Bd3 Qe7 17. f4 f6 18. Nf3 gxf4 19. exf4 fxe5 20. fxe5 Nc5 21. 0-0 Nxd3 22. Qxd3 Bg4 23. Qe3 Rg6 24. Rae1 Bxf3 25. Rxf3 Qg5 26. Qf2 0-0-0 27. e6 Re8 28. e7 Kd7 29. Rf5 Qg4 30. Rf4 Qg5 31. Rf5 Qg4 32. Rf4 Qg5 1/2-1/2

[Event "CUB-ch 61st"]
[Site "Ciego de Avila"]
[Date "2025.02.12"]
[Round "8"]
[White "Martinez Duany, Lelys Stanley"]
[Black "Albornoz Cabrera, Carlos Daniel"]
[Result "1-0"]
[WhiteElo "2457"]
[BlackElo "2575"]
[PlyCount "73"]
[EventDate "2025.02.05"]
[EventType "swiss"]
[EventRounds "10"]
[EventCountry "CUB"]
[SourceTitle "CB08_2025"]
[SourceDate "2025.02.19"]
[SourceVersion "1"]
[SourceVersionDate "2025.02.19"]
[SourceQuality "1"]

1. Nf3 Nf6 2. d4 e6 3. c4 h6 4. Nc3 Bb4 5. e3 Bxc3+ 6. bxc3 d6 7. Bd3 0-0 8. 0-0 e5 9. Nd2 c5 10. Qc2 Nc6 11. d5 Na5 12. Nb3 b6 13. e4 Ba6 14. f4 Nd7 15. f5 Bxc4 16. Nxa5 Bxd3 17. Qxd3 bxa5 18. Qg3 Qf6 19. h4 Rfb8 20. Rf3 Rb7 21. Bg5 hxg5 22. hxg5 Qd8 23. Qh4 Nf6 24. Rg3 Kf8 25. gxf6 gxf6 26. Qh7 Ke7 27. Rg7 Qe8 28. g4 Rab8 29. g5 fxg5 30. f6+ Kd7 31. Rf1 Rb1 32. Rxf7+ Kc8 33. Rc7+ Kd8 34. Rxa7 Rxf1+ 35. Kxf1 Qb5+ 36. Kf2 Qb2+ 37. Kg3 1-0

[Event "Merida Torre Memorial 34th"]
[Site "Merida"]
[Date "2024.12.14"]
[Round "2"]
[White "Albornoz Cabrera, Carlos Daniel"]
[Black "Ramos Silvera, Roberto Alejandro"]
[Result "1-0"]
[WhiteElo "2576"]
[BlackElo "2372"]
[PlyCount "59"]
[EventDate "2024.12.13"]
[EventType "swiss"]
[EventRounds "9"]
[EventCountry "MEX"]
[SourceTitle "CB52_2024"]
[SourceDate "2024.12.25"]
[SourceVersion "1"]
[SourceVersionDate "2024.12.25"]
[SourceQuality "1"]

1. e4 c5 2. Nf3 d6 3. d4 cxd4 4. Nxd4 Nf6 5. Nc3 a6 6. Bg5 Nbd7 7. Bc4 Qa5 8. Qd2 e6 9. 0-0-0 b5 10. Bb3 Nc5 11. Bxf6 gxf6 12. Rhe1 Bb7 13. Kb1 0-0-0 14. a3 Kb8 15. f4 Be7 16. Ba2 Qb6 17. f5 d5 18. fxe6 dxe4 19. exf7 b4 20. axb4 Nd3 21. Ne6 Nxe1 22. Nxd8 Bxd8 23. Qxe1 Qxb4 24. Rd7 Rf8 25. Qg3+ Ka8 26. Bd5 Bxd5 27. Nxd5 Qc5 28. Nc7+ Bxc7 29. Qxc7 Qxc7 30. Rxc7 1-0

[Event "Benidorm Bali op-A 21st"]
[Site "Benidorm"]
[Date "2024.12.03"]
[Round "7"]
[White "Castellanos Rodriguez, Renier"]
[Black "Albornoz Cabrera, Carlos Daniel"]
[Result "1/2-1/2"]
[WhiteElo "2472"]
[BlackElo "2572"]
[PlyCount "54"]
[EventDate "2024.11.29"]
[EventType "swiss"]
[EventRounds "9"]
[EventCountry "ESP"]
[SourceTitle "CB50_2024"]
[SourceDate "2024.11.01"]
[SourceVersion "1"]
[SourceVersionDate "2024.11.01"]
[SourceQuality "2"]

1. e4 c5 2. Nf3 d6 3. d4 cxd4 4. Nxd4 Nf6 5. Nc3 a6 6. Be3 e5 7. Nf3 Be7 8. Bc4 0-0 9. Bb3 Nc6 10. Bg5 Ne8 11. Bxe7 Qxe7 12. Nd5 Qd8 13. Qd3 Be6 14. c3 Rc8 15. Rd1 Na5 16. 0-0 Nxb3 17. axb3 Nf6 18. Nxf6+ Qxf6 19. Qxd6 Bxb3 20. Qxf6 gxf6 21. Rd6 Be6 22. Nh4 Rfd8 23. Rfd1 Rxd6 24. Rxd6 b5 25. Rxa6 b4 26. h3 bxc3 27. bxc3 Rxc3 1/2-1/2

[Event "Benidorm Bali op-A 21st"]
[Site "Benidorm"]
[Date "2024.12.02"]
[Round "5"]
[White "Tan, Jun Ying"]
[Black "Albornoz Cabrera, Carlos Daniel"]
[Result "0-1"]
[WhiteElo "2357"]
[BlackElo "2572"]
[PlyCount "56"]
[EventDate "2024.11.29"]
[EventType "swiss"]
[EventRounds "9"]
[EventCountry "ESP"]
[SourceTitle "CB50_2024"]
[SourceDate "2024.11.01"]
[SourceVersion "1"]
[SourceVersionDate "2024.11.01"]
[SourceQuality "2"]

1. d4 Nf6 2. c4 e6 3. Nc3 Bb4 4. e3 0-0 5. Nge2 d5 6. a3 Be7 7. cxd5 exd5 8. Nf4 c6 9. Bd3 Re8 10. 0-0 Nbd7 11. f3 Nf8 12. Bc2 Bd6 13. e4 dxe4 14. fxe4 Bg4 15. Qd3 c5 16. e5 cxd4 17. exf6 dxc3 18. fxg7 Ng6 19. Nxg6 hxg6 20. Qxc3 Rc8 21. Qd2 Rc5 22. Bd1 Rf5 23. Rxf5 Bxf5 24. h3 Qb6+ 25. Kh1 Bg3 26. Be2 Qf2 27. b4 Bxh3 28. Qh6 Qxg2# 0-1

[Event "Benidorm Bali op-A 21st"]
[Site "Benidorm"]
[Date "2024.11.30"]
[Round "2"]
[White "Albornoz Cabrera, Carlos Daniel"]
[Black "Rog, Bartlomiej"]
[Result "1-0"]
[WhiteElo "2572"]
[BlackElo "2244"]
[PlyCount "53"]
[EventDate "2024.11.29"]
[EventType "swiss"]
[EventRounds "9"]
[EventCountry "ESP"]
[SourceTitle "CB50_2024"]
[SourceDate "2024.11.01"]
[SourceVersion "1"]
[SourceVersionDate "2024.11.01"]
[SourceQuality "2"]

1. e4 e5 2. Nf3 Nc6 3. Bb5 Nge7 4. 0-0 g6 5. c3 a6 6. Ba4 Bg7 7. d4 exd4 8. cxd4 b5 9. Bc2 0-0 10. h3 d5 11. e5 f6 12. exf6 Bxf6 13. Nc3 Bf5 14. Bb3 Qd7 15. Ne5 Nxe5 16. dxe5 Bxe5 17. Nxd5 Kh8 18. Re1 Nc6 19. Rxe5 Nxe5 20. Bd2 Rae8 21. Bc3 c6 22. Ne3 Qxd1+ 23. Rxd1 Bc8 24. f4 Rxf4 25. Rd8 Rxd8 26. Bxe5+ Rf6 27. Bxf6# 1-0

[Event "Figueira da Foz op 18th"]
[Site "Figueira da Foz"]
[Date "2024.11.17"]
[Round "9"]
[White "Alsina Leal, Daniel"]
[Black "Albornoz Cabrera, Carlos Daniel"]
[Result "1/2-1/2"]
[WhiteElo "2473"]
[BlackElo "2572"]
[PlyCount "57"]
[EventDate "2024.11.10"]
[EventType "swiss"]
[EventRounds "9"]
[EventCountry "POR"]
[SourceTitle "CB47_2024"]
[SourceDate "2024.11.20"]
[SourceVersion "1"]
[SourceVersionDate "2024.11.20"]
[SourceQuality "1"]

1. e4 c5 2. Nf3 d6 3. d4 cxd4 4. Nxd4 Nf6 5. Nc3 a6 6. Be3 Ng4 7. Bc1 Nf6 8. Be3 e5 9. Nb3 Be7 10. f3 h5 11. Qd2 Nbd7 12. a4 Nf8 13. Be2 Be6 14. 0-0 Ng6 15. Rfd1 h4 16. Nc1 Nf4 17. Nd3 N6h5 18. Nxf4 Nxf4 19. Bxf4 exf4 20. Nd5 Rc8 21. Nxe7 Qb6+ 22. Qd4 Qxd4+ 23. Rxd4 Kxe7 24. c3 a5 25. Rad1 Rhd8 26. Bb5 f6 27. Kf2 Rc5 28. R1d2 b6 29. Rd1 1/2-1/2

[Event "Figueira da Foz op 18th"]
[Site "Figueira da Foz"]
[Date "2024.11.12"]
[Round "3"]
[White "Taboas Rodriguez, Daniel"]
[Black "Albornoz Cabrera, Carlos Daniel"]
[Result "0-1"]
[WhiteElo "2330"]
[BlackElo "2572"]
[PlyCount "94"]
[EventDate "2024.11.10"]
[EventType "swiss"]
[EventRounds "9"]
[EventCountry "POR"]
[SourceTitle "CB47_2024"]
[SourceDate "2024.11.20"]
[SourceVersion "1"]
[SourceVersionDate "2024.11.20"]
[SourceQuality "1"]

1. d4 Nf6 2. Nf3 d5 3. c4 e6 4. Nc3 Bb4 5. Qa4+ Nc6 6. e3 0-0 7. Bd2 dxc4 8. Bxc4 a6 9. 0-0 Bd6 10. Qc2 e5 11. h3 b5 12. dxe5 Nxe5 13. Nxe5 Bxe5 14. Bd3 Bb7 15. Rad1 c5 16. b3 Qc7 17. Rc1 Qc6 18. f3 Bc7 19. Rfd1 Qd6 20. f4 Qc6 21. Bf1 Rfe8 22. a4 b4 23. Na2 Ne4 24. Nxb4 Qb6 25. Nd3 Nxd2 26. Qxd2 Rad8 27. Qf2 Bb8 28. Rc3 Ba7 29. Rdc1 c4 30. bxc4 Qxe3 31. c5 Qe4 32. Rc4 Qf5 33. Qg3 Be4 34. Nf2 Bd5 35. Ng4 Qg6 36. f5 Qc6 37. f6 g6 38. R4c3 h5 39. Nh6+ Kh7 40. Qg5 Be6 41. Ng4 Bxg4 42. hxg4 Rd5 43. Qf4 Ree5 44. gxh5 Rxh5 45. g4 Rxc5 46. Rxc5 Rxc5 47. Rxc5 Bxc5+ 0-1

[Event "Figueira da Foz op 18th"]
[Site "Figueira da Foz"]
[Date "2024.11.11"]
[Round "2"]
[White "Albornoz Cabrera, Carlos Daniel"]
[Black "Romanishin, Oleg M"]
[Result "1-0"]
[WhiteElo "2572"]
[BlackElo "2299"]
[PlyCount "85"]
[EventDate "2024.11.10"]
[EventType "swiss"]
[EventRounds "9"]
[EventCountry "POR"]
[SourceTitle "CB47_2024"]
[SourceDate "2024.11.20"]
[SourceVersion "1"]
[SourceVersionDate "2024.11.20"]
[SourceQuality "1"]

1. e4 e5 2. Nf3 Nc6 3. Bb5 a6 4. Ba4 Nf6 5. 0-0 Be7 6. Re1 b5 7. Bb3 d6 8. c3 0-0 9. h3 Be6 10. d4 Bxb3 11. axb3 exd4 12. cxd4 Nb4 13. d5 Nd7 14. Bd2 Nd3 15. Re3 N3e5 16. Nd4 Bf6 17. Bc3 Bg5 18. Re2 Nc5 19. g3 Qd7 20. Kg2 Ng6 21. Nf3 Be7 22. b4 Na4 23. Bd4 f5 24. Qc2 fxe4 25. Qxe4 Bf6 26. Bxf6 Rae8 27. Qd3 Rxf6 28. b3 Rxe2 29. Qxe2 Nb6 30. Nc3 Qf5 31. Nd4 Qe5 32. Qxe5 dxe5 33. Nc2 Ne7 34. Ne3 Rd6 35. Rxa6 Rd8 36. d6 Rxd6 37. Nxb5 Rd7 38. Nxc7 Nec8 39. Na8 Rb7 40. Nxb6 Nxb6 41. Kf3 Kf7 42. Ke4 Nd7 43. Nd5 1-0

[Event "Titled Tuesday intern op 24th Sep Early"]
[Site "Chess.com INT"]
[Date "2024.09.24"]
[Round "6"]
[White "Albornoz Cabrera, Carlos Daniel"]
[Black "Xiong, Jeffery"]
[Result "1/2-1/2"]
[WhiteElo "2579"]
[BlackElo "2646"]
[PlyCount "145"]
[EventDate "2024.09.24"]
[EventType "swiss (blitz)"]
[EventRounds "11"]
[EventCountry "USA"]
[SourceTitle "EXT 2025"]
[Source "ChessBase"]
[SourceDate "2024.10.14"]
[SourceVersion "1"]
[SourceVersionDate "2024.10.14"]
[SourceQuality "1"]

1. Nf3 Nf6 2. c4 c5 3. b3 d5 4. cxd5 Nxd5 5. Bb2 Nc6 6. g3 f6 7. Bg2 e5 8. d3 Be7 9. 0-0 0-0 10. Nc3 Be6 11. Nxd5 Bxd5 12. Rc1 a5 13. Nd2 Bxg2 14. Kxg2 Qd5+ 15. Kg1 Rad8 16. a4 f5 17. Nc4 Bg5 18. Rb1 Qe6 19. Qe1 f4 20. f3 Qh3 21. Qf2 fxg3 22. hxg3 Bf4 23. gxf4 Rf6 24. f5 Qxf5 25. Ne3 Rg6+ 26. Ng2 Qh3 27. f4 exf4 28. Rbc1 Rdd6 29. Rc4 Rxg2+ 30. Qxg2 Rg6 31. Qxg6 hxg6 32. Rcxf4 Qe6 33. R1f2 g5 34. Rf5 Qxb3 35. Ba1 Qxa4 36. Bc3 Qg4+ 37. Kf1 a4 38. Rf8+ Kh7 39. Rg2 Qh3 40. Rf3 Qh5 41. Rfg3 Nd4 42. Rxg5 Qf7+ 43. Ke1 a3 44. Rxg7+ Qxg7 45. Rxg7+ Kxg7 46. e3 b5 47. exd4 b4 48. Ba1 b3 49. Kd2 b2 50. Bxb2 axb2 51. Kc2 cxd4 52. Kxb2 Kf6 53. Kb3 Ke6 54. Kb4 Kd6 55. Kc4 Kc6 56. Kxd4 Kd6 57. Kc3 Kc5 58. Kd2 Kd4 59. Ke2 Kd5 60. Ke3 Ke5 61. d4+ Kd5 62. Kd3 Kd6 63. Kc4 Kc6 64. d5+ Kd6 65. Kd4 Kd7 66. Ke4 Kd6 67. Kd4 Kd7 68. Kc5 Kc7 69. d6+ Kd7 70. Kd5 Kd8 71. Kc6 Kc8 72. d7+ Kd8 73. Kd6 1/2-1/2

[Event "Olympiad-45"]
[Site "Budapest"]
[Date "2024.09.20"]
[Round "9.1"]
[White "Albornoz Cabrera, Carlos Daniel"]
[Black "Predke, Alexandr"]
[Result "0-1"]
[WhiteElo "2579"]
[BlackElo "2671"]
[PlyCount "102"]
[EventDate "2024.09.11"]
[EventType "team-swiss"]
[EventRounds "11"]
[EventCountry "HUN"]
[SourceTitle "EXT 2025"]
[Source "ChessBase"]
[SourceDate "2024.10.14"]
[SourceVersion "1"]
[SourceVersionDate "2024.10.14"]
[SourceQuality "1"]
[WhiteTeam "Cuba"]
[BlackTeam "Serbia"]
[WhiteTeamCountry "CUB"]
[BlackTeamCountry "SRB"]

1. e4 e5 2. Nf3 Nc6 3. Bb5 a6 4. Ba4 Nf6 5. 0-0 b5 6. Bb3 Bc5 7. c3 d6 8. d4 Bb6 9. Re1 0-0 10. Bg5 h6 11. Bh4 Re8 12. Qd3 Na5 13. Bc2 c5 14. dxc5 dxc5 15. Qe2 c4 16. Rd1 Qe7 17. Nbd2 Qe6 18. Bg3 Bc7 19. b4 Nc6 20. a4 Bb7 21. Nf1 Ne7 22. Nh4 Qc6 23. Re1 Rad8 24. a5 g5 25. Nf3 Ng6 26. Rad1 Qe6 27. h3 Kg7 28. Bh2 Kh7 29. Qe3 Qc6 30. Ng3 Nf4 31. Nf5 Bc8 32. Rxd8 Bxd8 33. Qa7 Qc7 34. Qe3 Bxf5 35. exf5 Qc6 36. Qa7 Re7 37. Qe3 Bc7 38. h4 Kg7 39. hxg5 hxg5 40. Bxf4 gxf4 41. Qd2 e4 42. Ng5 e3 43. fxe3 fxe3 44. Rxe3 Bf4 45. Ne6+ fxe6 46. Rg3+ Bxg3 47. Qg5+ Kf8 48. Qxf6+ Rf7 49. Qh6+ Kg8 50. f6 Qd6 51. Qh5 Rxf6 0-1

[Event "Olympiad-45"]
[Site "Budapest"]
[Date "2024.09.16"]
[Round "6.24"]
[White "Tran, Thanh Tu"]
[Black "Albornoz Cabrera, Carlos Daniel"]
[Result "1/2-1/2"]
[WhiteElo "2387"]
[BlackElo "2579"]
[PlyCount "49"]
[EventDate "2024.09.11"]
[EventType "team-swiss"]
[EventRounds "11"]
[EventCountry "HUN"]
[SourceTitle "EXT 2025"]
[Source "ChessBase"]
[SourceDate "2024.10.14"]
[SourceVersion "1"]
[SourceVersionDate "2024.10.14"]
[SourceQuality "1"]
[WhiteTeam "Japan"]
[BlackTeam "Cuba"]
[WhiteTeamCountry "JPN"]
[BlackTeamCountry "CUB"]

1. d4 d5 2. Nf3 Nf6 3. c3 e6 4. Bf4 Bd6 5. e3 0-0 6. Nbd2 c5 7. Bg3 Qc7 8. dxc5 Qxc5 9. Bd3 Nbd7 10. Qe2 Bxg3 11. hxg3 h6 12. Rh4 e5 13. e4 Qb6 14. 0-0-0 dxe4 15. Nxe4 Nxe4 16. Qxe4 Nf6 17. Qxe5 Qxf2 18. Rxh6 Ng4 19. Rh8+ Kxh8 20. Rh1+ Kg8 21. Bh7+ Kh8 22. Bg6+ Kg8 23. Bh7+ Kh8 24. Bg6+ Kg8 25. Bh7+ 1/2-1/2

[Event "Olympiad-45"]
[Site "Budapest"]
[Date "2024.09.13"]
[Round "3.12"]
[White "Albornoz Cabrera, Carlos Daniel"]
[Black "Shirov, Alexei"]
[Result "1-0"]
[WhiteElo "2579"]
[BlackElo "2666"]
[PlyCount "69"]
[EventDate "2024.09.11"]
[EventType "team-swiss"]
[EventRounds "11"]
[EventCountry "HUN"]
[SourceTitle "EXT 2025"]
[Source "ChessBase"]
[SourceDate "2024.10.14"]
[SourceVersion "1"]
[SourceVersionDate "2024.10.14"]
[SourceQuality "1"]
[WhiteTeam "Cuba"]
[BlackTeam "Spain"]
[WhiteTeamCountry "CUB"]
[BlackTeamCountry "ESP"]

1. e4 e6 2. d4 d5 3. Nd2 c5 4. Ngf3 cxd4 5. exd5 Qxd5 6. Bc4 Qd7 7. 0-0 Nc6 8. Nb3 a6 9. Nbxd4 Nxd4 10. Nxd4 Qc7 11. Qe2 Bd6 12. Nf5 Bxh2+ 13. Kh1 Qe5 14. Nxg7+ Qxg7 15. Kxh2 Ne7 16. Rd1 Bd7 17. Rd3 Nf5 18. Bd5 Nd4 19. Qe4 f5 20. Qxd4 Qxd4 21. Rxd4 exd5 22. Rxd5 Be6 23. Rd6 Kf7 24. Bg5 Rhg8 25. Re1 Rae8 26. f4 Bxa2 27. Rd7+ Kg6 28. Be7 Rc8 29. Re3 h6 30. Bb4 Rcd8 31. Rde7 Bd5 32. Bc3 Be4 33. g4 Rde8 34. gxf5+ Kxf5 35. R3xe4 1-0

[Event "Abu Dhabi op-A 30th"]
[Site "Abu Dhabi"]
[Date "2024.08.24"]
[Round "9"]
[White "Borgaonkar, Akshay"]
[Black "Albornoz Cabrera, Carlos Daniel"]
[Result "1/2-1/2"]
[WhiteElo "2412"]
[BlackElo "2599"]
[PlyCount "101"]
[EventDate "2024.08.15"]
[EventType "swiss"]
[EventRounds "9"]
[EventCountry "UAE"]
[SourceTitle "EXT 2025"]
[Source "ChessBase"]
[SourceDate "2024.10.14"]
[SourceVersion "1"]
[SourceVersionDate "2024.10.14"]
[SourceQuality "1"]

1. e4 c5 2. Nf3 d6 3. d4 cxd4 4. Nxd4 Nf6 5. Nc3 a6 6. Qd3 g6 7. Bg5 Bg7 8. 0-0-0 h6 9. Bxf6 Bxf6 10. Nd5 Bg7 11. Qc3 Ra7 12. e5 Bxe5 13. Nc7+ Kd7 14. Nd5 e6 15. f4 Bg7 16. Nxe6 Bxc3 17. Nxd8 Bxb2+ 18. Kxb2 Kxd8 19. Bc4 Be6 20. Rhe1 Nc6 21. Ne3 Kc7 22. Bxe6 fxe6 23. Nc4 d5 24. Ne5 Nxe5 25. Rxe5 Kd6 26. c4 Raa8 27. cxd5 exd5 28. Rexd5+ Ke6 29. Re5+ Kf6 30. Rd6+ Kf7 31. Rd7+ Kf6 32. Rde7 h5 33. Rxb7 Rab8 34. Rxb8 Rxb8+ 35. Kc3 Rb1 36. Ra5 Rh1 37. Rxa6+ Kf5 38. Ra5+ Kxf4 39. Ra4+ Kg5 40. h4+ Kh6 41. Rd4 Rh2 42. a4 Rxg2 43. a5 g5 44. Rd6+ Kg7 45. hxg5 h4 46. a6 h3 47. Rh6 Rxg5 48. Rxh3 Ra5 49. Kb4 Rxa6 50. Ra3 Rxa3 51. Kxa3 1/2-1/2

[Event "Abu Dhabi op-A 30th"]
[Site "Abu Dhabi"]
[Date "2024.08.15"]
[Round "1"]
[White "Sidhant, Mohapatra"]
[Black "Albornoz Cabrera, Carlos Daniel"]
[Result "0-1"]
[WhiteElo "2376"]
[BlackElo "2599"]
[PlyCount "62"]
[EventDate "2024.08.15"]
[EventType "swiss"]
[EventRounds "9"]
[EventCountry "UAE"]
[SourceTitle "EXT 2025"]
[Source "ChessBase"]
[SourceDate "2024.10.14"]
[SourceVersion "1"]
[SourceVersionDate "2024.10.14"]
[SourceQuality "1"]

1. e4 c5 2. Nf3 d6 3. d4 cxd4 4. Nxd4 Nf6 5. Nc3 a6 6. Be2 e5 7. Nb3 Be7 8. Be3 Be6 9. Nd5 Nbd7 10. Qd3 Bxd5 11. exd5 Rc8 12. c4 0-0 13. g4 e4 14. Qd4 Ne5 15. Rg1 Rxc4 16. Qd1 Nd3+ 17. Bxd3 exd3 18. Qxd3 Rxg4 19. 0-0-0 Rxg1 20. Rxg1 g6 21. Kb1 Qd7 22. a3 Re8 23. Ka2 Bf8 24. Bg5 Ne4 25. Be3 Qh3 26. Qf1 Qxh2 27. Bd4 Bg7 28. Bxg7 Kxg7 29. f3 Nd2 30. Nxd2 Qxd2 31. Qc4 Re5 0-1